000 01549nam a2200373 i 4500
001 ebr10801938
003 CaPaEBR
006 m o d
007 cr cn|||||||||
008 110922s2012 njua ob 001 0 eng d
020 _a9781617117473 (e-book)
020 _z9781556429392
040 _aCaPaEBR
_beng
_erda
_epn
_cCaPaEBR
050 1 4 _aRD563
_b.C87 2012eb
082 0 4 _a617.5/85059
_223
245 0 0 _aCurbside consultation of the foot and ankle :
_b49 clinical questions /
_cedited by George B. Holmes Jr., Simon Lee.
264 1 _aThorofare, New Jersey :
_bSlack Incorporated,
_c2012.
300 _a1 online resource (275 pages) :
_billustrations.
336 _atext
_2rdacontent
337 _acomputer
_2rdamedia
338 _aonline resource
_2rdacarrier
490 1 _aCurbside consultation in orthopedics series
504 _aIncludes bibliographical references and index.
588 _aDescription based on online resource; title from PDF title page (ebrary, viewed December 8, 2013).
590 _aElectronic reproduction. Palo Alto, Calif. : ebrary, 2013. Available via World Wide Web. Access may be limited to ebrary affiliated libraries.
650 0 _aFoot
_xSurgery.
650 0 _aAnkle
_xSurgery.
655 0 _aElectronic books.
700 1 _aHolmes, George B.
700 1 _aLee, Simon,
_d1971-
797 2 _aebrary.
830 0 _aCurbside consultation in orthopedics.
856 4 0 _uhttp://site.ebrary.com/lib/rucke/Doc?id=10801938
_zAn electronic book accessible through the World Wide Web; click to view
999 _c144380
_d144380